| 000 | 00664nas a2200229 4500 | ||
|---|---|---|---|
| 001 | BR7806252 | ||
| 003 | BR-BrBNA | ||
| 005 | 20231205083534.0 | ||
| 007 | ta | ||
| 008 | 230509b bl.|||p| |||| 00| 00por d | ||
| 040 |
_aBR-BrBNA _bpor _cBiblioteca Nacional de Agricultura |
||
| 041 | _a(Pt) | ||
| 072 | _aN20 | ||
| 100 | 1 | _aSilveira, G.M. da | |
| 245 | 1 | _aEscarificacao e subsolagem, os recursos para terras compactas | |
| 650 | _aARADO | ||
| 650 | _aSUBSOLADOR | ||
| 650 | _aIMPLEMENTO AGRICOLA | ||
| 773 | 0 |
_tGranja (Brazil) _xISSN 0367-505X _g(Jun 1978), v. 34(365) p. 64-68 _wBR7806252 |
|
| 909 |
_a202311 _bLúcia _c55 _dLúcia Elande |
||
| 942 |
_2AGRIS _n0 _cANA |
||
| 999 |
_c99509 _d99509 |
||